Trouvez les pays - T - Statistiques

Statistiques générales
  • Ce quiz a été pris 99 fois
    46 depuis la dernière actualisation
  • Le résultat moyen est 11 sur 12
Statistiques - réponses
Par images Réponse % Correct
Tunisie
100%
Thaïlande
98%
Turquie
98%
Togo
95%
Tanzanie
93%
Turkménistan
93%
Trinité-et-Tobago
90%
Tadjikistan
88%
Taïwan
88%
Tchad
85%
Tuvalu
80%
Timor Oriental
65%
Aucun quiz correspondant
Distribution des résultats
% des personnes avec chaque résultat
Percentile par nombre de réponses
Votre historique - résultats
Vous n’avez pas pris ce quiz depuis la dernière actualisation